000
00235nam a22001217a 4500
003
SGT
082
_a
340,ICR
100
_a
ICRC
245
_a
GENEVA CONVENTION -2
260
_a
NEW DELHI
_b
ICRC
_c
2006
300
_a
320
942
_2
ddc
_c
BK
999
_c
11155
_d
11155